Khảo sát các đặc trưng của địa hình vùng dân cư theo tiếp cận khám phá tri thức địa lý /

সংরক্ষণ করুন:
গ্রন্থ-পঞ্জীর বিবরন
প্রধান লেখক: Nguyễn Việt Cường.
অন্যান্য লেখক: Hồ Tú Bảo, Trần Văn Lăng
বিন্যাস: প্রবন্ধ
ভাষা:Vietnamese
ট্যাগগুলো: ট্যাগ যুক্ত করুন
কোনো ট্যাগ নেই, প্রথমজন হিসাবে ট্যাগ করুন!
Thư viện lưu trữ: Thư viện Trường Đại học Đà Lạt
LEADER 00863nam a2200253 4500
001 DLU120143664
005 ##20121109
040 # # |a DLU  |b vie 
041 # # |a vie 
044 # # |a vn 
100 # # |a Nguyễn Việt Cường. 
245 # # |a Khảo sát các đặc trưng của địa hình vùng dân cư theo tiếp cận khám phá tri thức địa lý /  |c Nguyễn Việt Cường, Hồ Tú Bảo, Trần Văn Lăng. 
700 # # |a Hồ Tú Bảo 
700 # # |a Trần Văn Lăng 
773 # # |t Nghiên cứu cơ bản và ứng dụng Công nghệ thông tin,   |g  2006, tr. 167-177 
920 # # |a Phòng Tạp chí -- Trung tâm Thông tin - Thư viện Trường Đại học Đà Lạt 
994 # # |a DLU 
900 # # |a True 
911 # # |a Nguyễn Thị Mai Anh 
925 # # |a G 
926 # # |a A 
927 # # |a BB 
980 # # |a Thư viện Trường Đại học Đà Lạt